Statistics for NFL All-Time Pass Yards Leaders

Click here to take the quiz!

General Stats

  • This quiz has been taken 211 times
    (165 since last reset)
  • The average score is 11 of 20

Answer Stats

Rank Yards Player % Correct
359,487Peyton Manning
98%
944,806Tom Brady
94%
171,838Brett Favre
91%
261,361Dan Marino
91%
1340,551Joe Montana
87%
845,919Drew Brees
86%
451,475John Elway
76%
549,325Warren Moon
71%
647,003Fran Tarkenton
58%
1440,239Johnny Unitas
57%
1143,040Dan Fouts
50%
1835,467Jim Kelly
48%
1044,611Drew Bledsoe
41%
746,233Vinny Testaverde
39%
1737,276Donovan McNabb
36%
1637,920Boomer Esiason
26%
1240,922Kerry Collins
20%
1538,147Dave Krieg
14%
2034,665Jim Hart
11%
1934,837Jim Everett
8%

Score Distribution

Percentile by Number Answered

Percent of People with Each Score

Your Score History

You have not taken this quiz since the last reset